LEADER 02705nam 22007333u 450 001 9910157430203321 005 20230807214523.0 010 $a9780745688701 010 $a0745688705 035 $a(CKB)3790000000015906 035 $a(EBL)1963821 035 $a(OCoLC)908669946 035 $a(SSID)ssj0001483133 035 $a(PQKBManifestationID)12568616 035 $a(PQKBTitleCode)TC0001483133 035 $a(PQKBWorkID)11427737 035 $a(PQKB)11061452 035 $a(MiAaPQ)EBC1963821 035 $a(Perlego)1536118 035 $a(EXLCZ)993790000000015906 100 $a20151005d2015|||| u|| | 101 0 $aeng 135 $aur|n|---||||| 181 $ctxt 182 $cc 183 $acr 200 10$aVirtue 210 $cWiley$d2015 215 $a1 online resource (346 p.) 225 0 $aKey Concepts in Philosophy Virtue 300 $aDescription based upon print version of record. 311 08$a9780745649535 311 08$a074564953X 311 08$a9780745649542 311 08$a0745649548 327 $aWhat are the virtues? -- Ends matter: virtues attain good ends or effects -- Motives matter: virtues require good motives -- Vice and failures of virtue -- Virtue, right action, and knowledge -- Virtue and living well -- How can we acquire the virtues? 330 $a What is a virtue, and how are virtues different from vices? Do people with virtues lead better lives than the rest of us? Do they know more? Can we acquire virtues if so, how? In this lively and engaging introduction to this core topic, Heather Battaly argues that there is more than one kind of virtue. Some virtues make the world a better place, or help us to attain knowledge. Other virtues are dependent upon good intentions like caring about other people or about truth. Virtue is an original approach to the topic, which carefully situates the fields of virtue ethics and virtue epistemology 517 $aKey Concepts in Philosophy Ser. 517 $aKey Concepts in Philosophy 606 $aEthics 606 $aMorality 606 $aPhilosophy 606 $aVirtue 606 $aVirtues 606 $aPhilosophy$2HILCC 606 $aPhilosophy & Religion$2HILCC 606 $aEthics$2HILCC 615 4$aEthics. 615 4$aMorality. 615 4$aPhilosophy. 615 4$aVirtue. 615 0$aVirtues. 615 7$aPhilosophy 615 7$aPhilosophy & Religion 615 7$aEthics 676 $a192.10928373 700 $aBattaly$b Heather$01242952 801 0$bAU-PeEL 801 1$bAU-PeEL 801 2$bAU-PeEL 906 $aBOOK 912 $a9910157430203321 996 $aVirtue$92883222 997 $aUNINA LEADER 01033nam a2200241 i 4500 001 991000466709707536 005 20251126133736.0 008 960606s1993 it ||| | ita 035 $ab10081719-39ule_inst 035 $aLE02516583$9ExL 040 $aBibl. Dip.le Aggr. Scienze Economia - Sez. Settore Economico 082 0 $a341.7511 100 1 $aAntonucci, Antonella$0132970 245 10$aDall'attuazione della 2. direttiva CEE in materia bancaria al Testo Unico :$batti del Convegno, Bari, 5-6 marzo 1993 /$ca cura di Antonella Antonucci 260 $aBari :$bCacucci,$cc1993 300 $a306 p. ;$c25 cm. 650 4$aBanche$xDirettive della CEE$xAttuazione 907 $a.b10081719$b20-10-14$c27-06-02 912 $a991000466709707536 945 $aLE025 ECO 341 ANT01.01$g1$i2025000075146$lle025$o-$pE0.00$q-$rl$s-$t0$u3$v0$w3$x0$y.i10093114$z27-06-02 996 $aDall'attuazione della 2. direttiva CEE in materia bancaria al Testo Unico$9195750 997 $aUNISALENTO 998 $ale025$b01-01-96$cm$da$e-$fita$git$h0$i1